Study of feto maternal polymorphisms in genes of renin angiotensin system (RAS) and angiogenesis pathway in preeclampsia and eclampsia (Record no. 880429)

MARC details
000 -LEADER
fixed length control field 01149nam a2200301Ia 4500
003 - CONTROL NUMBER IDENTIFIER
control field OSt
005 - DATE AND TIME OF LATEST TRANSACTION
control field 20220930090340.0
008 - FIXED-LENGTH DATA ELEMENTS--GENERAL INFORMATION
fixed length control field 220926b |||||||| |||| 00| 0 eng d
037 ## - SOURCE OF ACQUISITION
Terms of availability Theses
040 ## - CATALOGING SOURCE
Original cataloging agency CRL
Transcribing agency CRL
Language of cataloging eng
041 ## - LANGUAGE CODE
Source of code eng
Language code of text/sound track or separate title eng
100 ## - MAIN ENTRY--PERSONAL NAME
Personal name Sruthi Bhaskaran
9 (RLIN) 542340
110 ## - MAIN ENTRY--CORPORATE NAME
Corporate name or jurisdiction name as entry element University of Delhi. Faculty of Medical Sciences. Department of Obstetrics and Gynaecology
245 #0 - TITLE STATEMENT
Title Study of feto maternal polymorphisms in genes of renin angiotensin system (RAS) and angiogenesis pathway in preeclampsia and eclampsia
260 ## - PUBLICATION, DISTRIBUTION, ETC.
Date of publication, distribution, etc. 2008
300 ## - PHYSICAL DESCRIPTION
Extent 94p.
-- p.
Dimensions cm.
650 ## - SUBJECT ADDED ENTRY--TOPICAL TERM
Topical term or geographic name entry element WOMEN - DISEASES
700 ## - ADDED ENTRY--PERSONAL NAME
Personal name Dr. Amita Suneja Gu.
9 (RLIN) 532706
700 ## - ADDED ENTRY--PERSONAL NAME
Personal name Dr. Binuja Varma Gu.
9 (RLIN) 542341
700 ## - ADDED ENTRY--PERSONAL NAME
Personal name Dr. K. Narayanasamy Gu.
9 (RLIN) 542342
700 ## - ADDED ENTRY--PERSONAL NAME
Personal name Dr. Neelam B. Vaid Gu.
9 (RLIN) 533687
700 ## - ADDED ENTRY--PERSONAL NAME
Personal name University of Delhi. Faculty of Medical Sciences. Department of Obstetrics and Gynaecology
942 ## - ADDED ENTRY ELEMENTS (KOHA)
Koha item type Dissertations
Source of classification or shelving scheme Colon Classification (CC)

No items available.

Copyright @ Delhi University Library System